00712nam a2200169 a 450000100100000000500170001000800410002704000250006808200150009324501240010826000330023230000420026570000370030771000680034495201130041299900170052500004573720201002052421.0150508s2014 dr abc 000 0 spa d aDO-SdBNPbspacBNPHU axxxxbxxxx00aHaití-República Dominicana :bcrisis migratoria, prensa e intereses hegemónicos /cintroducción Miguel Mejía. aSanto Domingo :bMIU,c2014. a36 p. :bil., mapas, retrs. ;c22 cm.12aMejía, Miguel,eintrod.96576722aMovimiento Izquierda Unida (MIU), República Dominicana973800 0010718PDaPDbPDcCTd2015-05-08iLF1l0oxxxx xxxxp45737-10r2020-06-25w2020-06-25yLFPDZNo se presta c45226d45226